000 00406 a2200157 4500
001 168390
020 _a
040 _cMagnum
100 _aPontuschka, Nidia Nacib (Org)
240 1 0 _aOusadia no dialogo: interdisciplinaridade na escola publica
_lpor
245 1 0 _aOusadia no dialogo: interdisciplinaridade na escola publica
362 0 _a1899
440 1 _aLoyola
697 _aENSINO
942 _cBK
999 _c168390
_d168390